MARC

LEADER 00000nam0a2200000 4500
001 377048
005 20231102012856.0
035 |a (RuTPU)RU\TPU\retro\34494 
090 |a 377048 
100 |a 20230206d1978 k y0rusy50 ca 
101 0 |a rus 
102 |a UZ 
105 |a a z 001zy 
200 1 |a Некоторые вопросы геомеханики при эксплуатации хвостохранилищ (на примере предприятий Алмалыкского рудного района)  |f В. Р. Рахимов, А. А. Лебедкова, Ф. Ф. Афлутянов  |g Ташкентский политехнический институт им. А. Б. Беруни 
210 |a Ташкент  |c Фан  |d 1978 
215 |a 75 с.  |c ил. 
320 |a Библиогр.: с. 73-74 
606 1 |a Обогатительные фабрики  |2 stltpush  |3 (RuTPU)RU\TPU\subj\46426  |9 65566 
610 1 |a маркшейдерские наблюдения 
610 1 |a дамбы 
610 1 |a горнообогатительные комбинаты 
610 1 |a металлургия 
610 1 |a хвостовое хозяйство 
610 1 |a свинец 
610 1 |a медь 
610 1 |a цинк 
675 |a 622.7  |v 4 
700 1 |a Рахимов  |b В. Р.  |g Вахаб Рахимович 
701 1 |a Лебедкова  |b А. А.  |g Алла Андреевна 
701 1 |a Афлутянов  |b Ф. Ф.  |g Фанавиль Фаризунович 
712 0 2 |a Ташкентский политехнический институт им. А. Б. Беруни  |2 stltpush  |3 (RuTPU)RU\TPU\col\6741  |9 24263 
801 1 |a RU  |b 63413507  |c 20230206 
801 2 |a RU  |b 63413507  |c 20230208  |g RCR 
942 |c BK